Statistics for State Quiz - New Hampshire

Click here to take the quiz!

General Stats

  • This quiz has been taken 15,659 times
    (12,850 since last reset)
  • The average score is 14 of 20

Answer Stats

HintAnswer% Correct
States that New Hampshire bordersMaine
97%
States that New Hampshire bordersVermont
97%
States that New Hampshire bordersMassachusetts
95%
New Hampshire is the only state that doesn't require people to
wear one of these while driving
Seatbelt
92%
Canadian province it bordersQuebec
90%
State motto{Live} {Free} or Die
85%
Capital cityConcord
82%
Of the 23 states that have a _______, New Hampshire's is the shortest
at just 13 miles
Coastline
79%
Largest land animal that lives in New HampshireMoose
78%
This city's metro area extends into southeastern New HampshireBoston
74%
Every four years New Hampshire holds the nation's first Presidential _____Primary
73%
State nickname (hint: a rock)The {Granite} State
73%
Ivy League college located in HanoverDartmouth
61%
Most populous cityManchester
61%
New Hampshire's only U.S. President - elected in 1852Franklin Pierce
53%
Second largest city, home to a branch of the Dunder-Mifflin paper companyNashua
49%
Highest peak in the above - famous for its hurricane force windsMount Washington
47%
Branch of the Appalachian mountains that covers much of the state{White} Mountains
44%
Slang term for a person who comes to New England to ogle fall foliageLeaf {Peeper}
42%
Landmark on Cannon Mountain that collapsed in 2003{Old} {Man} of the Mountain
42%

Score Distribution

Percentile by Number Answered

Percent of People with Each Score

Your Score History

You have not taken this quiz since the last reset